LEADER 01456nam a2200301 u 4500 001 000000091290 003 CaOOAMICUS 005 20070226124820.0 008 060316s1978 nyu u000 u eng u 020 $a0385013221 035 $a11081558 040 $aPUL(R)$bita 130 0 $aBiblia.$pV.T.$pDaniel.$nI-XII.$lInglese.$0(OLS)http://pul/title/41779 245 14$aThe Book of Daniel :$ba new translation with notes and commentary on chapters 1-9 /$cby Louis F. Hartman, C.SS.R. ; Introduction, and commentary on chapters 10-12 by Alexander A. Di Lella, O.F.M. 260 $aGarden City, N.Y. :$bDoubleday,$cc1978. 300 $axiv, 345 p. ;$c23 cm 490 1 $aThe Anchor Bible ;$v23 500 $aInclude indici. 630 04$aBiblia.$pV.T.$pDaniel$xCommenti.$0(OLS)http://pul/subject/7430 700 1 $aDi Lella, Alexander A.,$cO.F.M.$0(OLS)http://pul/name/24018 700 1 $aHartman, Louis Francis.$0(OLS)http://pul/name/24494 830 4$aThe Anchor Bible ;$v23.$0(OLS)http://pul/title/18634 850 $aPUL 852 $aPUL$W1$xDP1 Fondo Gelio$y54$m3 A 27$j115019$nBK-PRI$b $qFondi$B115019$CPULBib$Z2$F115019 $HPUL319 $81 941 1 $a1 996 $6020$a0385013221$9(OLS)http://pul/number/38147 996 $6245$aThe Book of Daniel :$ba new translation with notes and commentary on chapters 1-9$9(OLS)http://pul/title/117860 996 $6260$aGarden City, N.Y. :$bDoubleday$9(OLS)http://pul/publisher/53877 LEADER 01230nam a2200301 a 4500 001 000000164738 003 CaOOAMICUS 005 20171130114856.0 008 171130s1971 xx m u001 u kor r 032 $aLibriCat 040 $aPUL$bita 041 0 $akor$alat 100 1 $aKim, Angelus.$0(OLS)http://pul/name/105979 245 10$aDoctrina fundamentalis Buddhismi /$csac. Angelus Kim. 260 $aRomae :$b[s.n.],$c1971. 300 $a11, 211 p. ;$c19 cm. 502 $aTesi. Pontificia Universitas Urbaniana de Propaganda Fide. Facultas theologica. 1971. 504 $aBibliografia in nota a pič pagina. 546 $aTesto in coreano, frontespizio anche in latino. 650 4$aBuddismo.$0(OLS)http://pul/subject/39882 710 2 $aPontificia Universitā Urbaniana.$bFacoltā di teologia$kTesi.$0(OLS)http://pul/name/81495 850 $aPUL 852 $aPUL$W1$xDP1 Tesi Pon. Univ. Urbaniana$y49$mTH URB TH49$j188911$qTesi$B192052$CPULBib$Z2$F192052 $H37092 $82 941 1 $a16 960 $aBuddhismo$939882 996 $6245$aDoctrina fundamentalis Buddhismi$9(OLS)http://pul/title/204422 996 $6260$aRomae :$b[s.n.]$9(OLS)http://pul/publisher/48223